LEADER 01539nam0 2200361 i 450 001 SUN0125521 005 20200414102235.193 010 $d0.00 017 70$2N$a9789811083273 100 $a20191118d2018 |0engc50 ba 101 $aeng 102 $aSG 105 $a|||| ||||| 200 1 $a*Fire Retardancy Behavior of Polymer/Clay Nanocomposites$fIndraneel Suhas Zope 205 $aSingapore : Springer, 2018 210 $aXXXII$d165 p.$cill. ; 24 cm 215 $aPubblicazione in formato elettronico 410 1$1001SUN0104193$12001 $a*Springer theses$erecognizing outstanding Ph.D. research$1210 $aBerlin$aHeidelberg$cSpringer. 620 $aSG$dSingapore$3SUNL000061 676 $a620.11$cMateriali dell'ingegneria$v22 676 $a620.192$cPolimeri$v22 676 $a620.1$cScienza dei materiali$v22 676 $a620.14$cCeramica e materiali affini$v22 700 1$aZope$b, Indraneel S.$3SUNV096948$0782648 712 $aSpringer$3SUNV000178$4650 790 1$aZope, Indraneel Suhas$zZope, Indraneel S.$3SUNV100161 790 1$aZope, I. S.$zZope, Indraneel S.$3SUNV103740 801 $aIT$bSOL$c20200921$gRICA 856 4 $uhttps://link.springer.com/book/10.1007%2F978-981-10-8327-3#toc 912 $aSUN0125521 950 $aUFFICIO DI BIBLIOTECA DEL DIPARTIMENTO DI SCIENZE E TECNOLOGIE AMBIENTALI BIOLOGICHE E FARMACEUTICHE$d17CONS e-book 2112 $e17BIB2112 192 20191118 996 $aFire Retardancy Behavior of Polymer$91737596 997 $aUNICAMPANIA LEADER 01297nam0 22002891i 450 001 UON00018100 005 20231205102004.679 100 $a20020107d1949 |0itac50 ba 101 $aita 102 $aVA 105 $a|||| 1|||| 200 1 $aˆIl "‰Libro della Scala" e la questione delle fonti arabo-spagnole della Divina Commedia$fEnrico Cerulli 210 $aCitta' del Vaticano$cBiblioteca Apostolica Vaticana$d1949 215 $a574 p., 15 p. di tav.$d25 cm 410 1$1001UON00066208$12001 $aStudi e testi$fBiblioteca Apostolica Vaticana$v150 606 $aDIVINA COMMEDIA$xFONTI ORIENTALI$3UONC006165$2FI 606 $aISLAM$xEscatologia$3UONC008170$2FI 620 $dVaticano, Città del$3UONL003150 686 $aARA VI$cPAESI ARABI - LETTERATURA$2A 700 1$aCERULLI$bEnrico$3UONV007321$04394 712 $aBiblioteca Apostolica Vaticana$3UONV246918$4650 801 $aIT$bSOL$c20240220$gRICA 899 $aSIBA - SISTEMA BIBLIOTECARIO DI ATENEO$2UONSI 912 $aUON00018100 950 $aSIBA - SISTEMA BIBLIOTECARIO DI ATENEO$dSI ARA VI 087 $eSI MR 29368 7 087 996 $aLibro della scala e la questione delle fonti arabo-spagnole della Divina Commedia$9214414 997 $aUNIOR